000 00438nam a22001817a 4500
003 MPLRDC
005 20220104113845.0
008 210129b ||||| |||| 00| 0 eng d
082 _a848.1 LSQ-14
100 _aGEORGE ELIOT
245 _a织工马南传
_c梁实秋译
250 _a初版
260 _a
_b大地出版社
_c1986
300 _b
490 _a万卷文库;167
650 _a现代别集
942 _cBK
_o848.1 LSQ-14
999 _c2901
_d2891